Central Library OPAC University of Rajshahi

Everyman's United Nations : (Record no. 61406)

MARC details
000 -LEADER
fixed length control field 00811nam a2200229 a 4500
001 - CONTROL NUMBER
control field 61406
003 - CONTROL NUMBER IDENTIFIER
rucl marc code BD-RjUL
005 - DATE AND TIME OF LATEST TRANSACTION
control field 20211209080946.0
008 - FIXED-LENGTH DATA ELEMENTS--GENERAL INFORMATION
fixed length control field 010223s1952 nyua i001 0 eng d
035 ## - SYSTEM CONTROL NUMBER
System control number (BD-RjUL)61530
040 ## - CATALOGING SOURCE
Original cataloging agency BD-RjUL
Language of cataloging eng
Transcribing agency BD-RjUL
041 ## - LANGUAGE CODE
Language code of text/sound track or separate title eng
082 ## - DEWEY DECIMAL CLASSIFICATION NUMBER
Edition number 23
Classification number 341.23
Author mark and year UNE 1953
110 2# - MAIN ENTRY--CORPORATE NAME
Corporate name or jurisdiction name as entry element United Nations.
Subordinate unit Office of Public Information.
9 (RLIN) 175903
245 10 - TITLE STATEMENT
Title Everyman's United Nations :
Remainder of title a ready reference to the structure, functions and work of the United Nations and its related agencies /
Statement of responsibility, etc. United Nations. Office of Public Information.
250 ## - EDITION STATEMENT
Edition statement 4th. ed.
260 ## - PUBLICATION, DISTRIBUTION, ETC. (IMPRINT)
Place of publication, distribution, etc. New York :
Name of publisher, distributor, etc. United Nations, Department of Public Information,
Date of publication, distribution, etc. 1953.
300 ## - PHYSICAL DESCRIPTION
Pagination vi, 433 p. ;
Size 22 cm.
500 ## - GENERAL NOTE
General note Includes index
650 ## - SUBJECT ADDED ENTRY--TOPICAL TERM
Topical term or geographic name as entry element United Nations.
9 (RLIN) 175904
942 ## - ADDED ENTRY ELEMENTS (KOHA)
Source of classification or shelving scheme Dewey Decimal Classification
Koha item type Books
Holdings
Lost status Source of classification or shelving scheme Damaged status Not for loan Collection code Permanent Location Current Location Shelving location Date acquired Source of acquisition Total Checkouts Full call number Date last seen Copy number Koha item type
  Dewey Decimal Classification   Not For Loan Non-fiction Central Library, University of Rajshahi Central Library, University of Rajshahi Rare Book Section 08/10/1956 V.C.office, R.U   341.23 UNE 1953 17/01/2017 C-1 Books